000 00483nam a2200169Ia 4500
999 _c32644
_d32644
003 OSt
005 20200918110905.0
008 190216s9999||||xx |||||||||||||| ||und||
040 _coclc
082 _a537
_bNOA/T
100 _aNoakes, G R
_94733
245 0 _aA Text Book Of Electricity And Magnetism /
_cG R Noakes
260 _bMacmillian And Com. Ltd,
_c1964.
_aLondon:
300 _a527p
650 _aPhysics
942 _cBK
_2ddc
_h537
_iNOA/T
_k537
_mNOA/T